|
|
|
|
| LEADER |
00000nam a2200000Ia 4500 |
| 008 |
170606b2005 sp ||||| |||| 00| 0 eng d |
| 999 |
|
|
|c 1314
|d 1314
|
| 090 |
|
|
|a 05.01.01
|b 1261 CD #70
|
| 110 |
2 |
|
|a International Society for Cultural and Activity Research
|9 2904
|
| 245 |
1 |
0 |
|a First Iscar Congress: Acting in changing worlds: learning, comunication and minds in intercultural activities /
|c International Society for Cultural and Activity Research
|
| 260 |
|
|
|a Sevilla, España :
|b Universidad de Sevilla,
|c 2005
|
| 300 |
|
|
|a 281 páginas
|
| 500 |
|
|
|a disponible también el CD Nº 70
|
| 650 |
1 |
4 |
|a PSICOLOGÍA
|9 657
|
| 650 |
1 |
4 |
|a CULTURA
|9 378
|
| 650 |
1 |
4 |
|a IDENTIDAD CULTURAL
|9 480
|
| 650 |
1 |
4 |
|a CONFERENCIA
|9 506
|
| 942 |
|
|
|i 001963 ,002010
|h 05.01.01 1261 CD #70
|2 z
|c 01
|